书目信息 |
| 题名: |
搅水女人
|
|
| 作者: | 巴尔扎克 , 巴尔扎克 著 | |
| 分册: | ||
| 出版信息: | 合肥 安徽文艺出版社 1998.10 |
|
| 页数: | 588页 | |
| 开本: | 32开 | |
| 丛书名: | ||
| 单 册: | ||
| 中图分类: | I565.4 | |
| 科图分类: | ||
| 主题词: | 文学 | |
| 电子资源: | ||
| ISBN: | 7-5396-1725-X | |
| 000 | 00579nam0 2200205 45 | |
| 001 | 0006141653 | |
| 005 | 20010309153813.6 | |
| 010 | @a7-5396-1725-X@d24.10元 | |
| 100 | @a20000614d1998 km y0chiy0120 ea | |
| 101 | 0 | @achi |
| 105 | @a z 000yy | |
| 200 | 1 | @a搅水女人@AJiao Shui Nu Ren@f(法)巴尔扎克著;傅雷译@F(Fa)Ba Er Zha Ke Zhu;Fu Lei Yi |
| 210 | @a合肥@c安徽文艺出版社@d1998.10 | |
| 215 | @a588页@d32开 | |
| 606 | 0 | @a文学 |
| 690 | @aI565.4@v3 | |
| 701 | 0 | @a巴尔扎克@4著 |
| 701 | 0 | @a巴尔扎克@4著 |
| 801 | @aCN@bPftUser@c20000614 | |
| 905 | @dI565.4@eB963/1-1@b327728@f1 | |
| 搅水女人/(法)巴尔扎克著;傅雷译.-合肥:安徽文艺出版社,1998.10 |
| 588页;32开 |
| ISBN 7-5396-1725-X:24.10元 |
| ● |
| 相关链接 |
|
|
|
正题名:搅水女人
索取号:I565.4/B963/1-1
 
预约/预借
| 序号 | 登录号 | 条形码 | 馆藏地/架位号 | 状态 | 备注 |
| 1 | 327728 | 203277284 | 社科二线400B/400B社科库 28排3列3层/ [索取号:I565.4/B963/1-1] | 在馆 |